|
|
|
|
| LEADER |
00000nam0a2200000 4500 |
| 001 |
126407 |
| 005 |
20231101220007.0 |
| 010 |
|
|
|a 5368001681
|
| 020 |
|
|
|a RU
|b 90-71911
|
| 035 |
|
|
|a (RuTPU)RU\TPU\book\136753
|
| 090 |
|
|
|a 126407
|
| 100 |
|
|
|a 20071127d1990 c y0rusy5003 ca
|
| 101 |
1 |
|
|a rus
|c ger
|
| 102 |
|
|
|a RU
|
| 105 |
|
|
|a a z 000ay
|
| 200 |
1 |
|
|a Холодное сердце
|e Сказки :Для младшего школьного возраста
|f В. Гауф
|g пер. с нем. С. Апт ; худож. Е. В. Барашков
|
| 210 |
|
|
|a Кишинев
|c Hyperion
|d 1990
|
| 215 |
|
|
|a 192 с.
|c цв. ил.
|d 24 см
|
| 225 |
1 |
|
|a Сказки народов мира
|
| 610 |
0 |
|
|a Сказки немецкие
|
| 610 |
0 |
|
|a детская литература
|
| 675 |
|
|
|a 83
|z rus
|
| 700 |
|
1 |
|a Гауф
|b В.
|c немецкий писатель
|c сказочник
|f 1802-1827
|g Вильгельм
|2 stltpush
|3 (RuTPU)RU\TPU\pers\23419
|9 10195
|
| 702 |
|
1 |
|a Апт
|b С.
|4 730
|
| 702 |
|
1 |
|a Барашков
|b Е. В.
|4 440
|
| 801 |
|
0 |
|a RU
|b RuMRKP
|c 19950417
|g psbo
|
| 801 |
|
1 |
|a RU
|b 63413507
|c 20071127
|g PSBO
|
| 801 |
|
2 |
|a RU
|b 63413507
|c 20171011
|g PSBO
|
| 942 |
|
|
|c BK
|